| 000 | 01502nam a2200349Ia 4500 | ||
|---|---|---|---|
| 999 |
_c5545 _d5545 |
||
| 003 | OSt | ||
| 005 | 20200701202058.0 | ||
| 008 | 191128s2009 sp a gr 000 0dspa d | ||
| 020 | _a9788437506395 | ||
| 040 | 0 | 4 |
_aCO-JMCR _cCO-JMCR |
| 041 | 1 |
_aspa _heng |
|
| 082 | 0 | 4 |
_a330.9 / _bB244g _223 |
| 100 | 1 |
_aBellamy Foster, John, _eautor _96437 |
|
| 245 | 1 | 3 |
_aLa gran crisis financiera : _bcausas y consecuencias / _cJohn Bellamy Foster y Fred Magdoff ; prólogo de Ernesto Ekaiser ; traducción de Asunción Renau |
| 250 | _aPrimera edición | ||
| 260 |
_aMadrid : _bFondo de Cultura Económica, _c2009. |
||
| 300 |
_a225 páginas : _b ilustraciones a blanco y negro ; _c21 cm. |
||
| 490 | 0 | _aTezontle | |
| 500 | _aIncluye índice analítico páginas 217-225. | ||
| 504 | _aIncluye bibliografía páginas 201-216. | ||
| 505 | 0 | _aCuasas -- Consecuencias | |
| 520 | 0 | _aEste libro reúne los trabajos escritos y publicados por los dos autores durante los tres años previos a la crisis, o si se quiere, durante su periodo de incubación; son, pues, trabajos que profundizan tiempo presente en los elementos. | |
| 534 | _pThe great financial crisis. Causes and consequences | ||
| 546 | _aTraducido del inglés | ||
| 650 | 1 | 4 |
_aCrisis financiera _95832 |
| 650 | 2 | 4 |
_aDeuda Monopolios _96438 |
| 650 | 2 | 4 |
_aCapitalismo _96439 |
| 700 | 1 |
_aMagdoff, Fred, _eautor _96440 |
|
| 700 | 1 |
_aEkaiser, Ernesto, _eprólogo _96441 |
|
| 700 | 1 |
_aRenau, Asunción, _etraductora _96442 |
|
| 942 |
_2ddc _cBK |
||